Una invitación a la sociología reflexiva

Spremljeno u:
Bibliografski detalji
Glavni autor: Bourdieu, Pierre
Daljnji autori: Wacquant, Loïc (r)
Format: Knjiga
Jezik:španjolski
Izdano: Buenos Aires, Argentina Siglo XXI 2005
Serija:Metamorfosis
Teme:
Oznake: Dodaj oznaku
Bez oznaka, Budi prvi tko označuje ovaj zapis!

MARC

LEADER 00000nam a2200000 a 4500
001 UCJ0780
003 CL-VaPUC
005 20240820103303.0
008 060908e20050000AG |||||||||||||||||spa|d
999 |c 317535  |d 317533 
020 |a 9871220324 
040 |c Pontificia Universidad Católica de Valparaíso 
082 0 4 |a 301 BOU 2005  |2 21 
100 0 |a Bourdieu, Pierre  |9 308635 
245 1 4 |a Una invitación a la sociología reflexiva 
260 0 3 |a Buenos Aires, Argentina  |b Siglo XXI  |c 2005 
300 |a 430 páginas 
490 0 |a Metamorfosis 
583 |a last modification  |c 20140408 11:51:52  |k Rodrigo Vera 
650 0 |a Sociología   |9 255410 
650 0 |a Praxeología  |9 887725 
650 0 |a Fenomenología  |9 256519 
650 0 |a Reflexividad (Lingüística)  |9 887726 
700 0 |a Wacquant, Loïc  |e r  |9 501127 
942 |c BK  |2 ddc 
945 |d 20060908 00:00:00  |a cmena 
952 |0 0  |1 0  |2 ddc  |4 0  |6 301_000000000000000_BOU_2005  |7 0  |8 R  |9 394008  |a BIBGIM  |b BIBGIM  |d 2019-11-22  |i 4266846  |l 2  |o 301 BOU 2005  |p 4266846  |r 2025-01-15  |s 2024-05-09  |t 1  |w 2019-11-22  |y BK_R  |k SSL